| 000 | 00381nam a22001457a 4500 | ||
|---|---|---|---|
| 020 | _a3-540-13250-3 | ||
| 082 | _a620.1920426 KAU'P | ||
| 100 |
_aKAUSCH, HANS-HANNING _966524 |
||
| 245 | _aPOLYMER FRACTURE , WITH 180 FIGURE | ||
| 250 | _a2ND | ||
| 260 |
_aLONDON _bSPRINGER VERLAG _c1987 |
||
| 300 | _a456P | ||
| 650 |
_aPOLYMER AND POLINERIZATION FRACTURE _966525 |
||
| 942 | _cBK | ||
| 999 |
_c574488 _d574488 |
||